Dějiny novějších theorií o státu /

Main Author: Gumplowicz, Ludwig, 1838-1909
Other Authors: Gottwald, Adolf, 1878-1920
Language: Czech
Published: V Praze : Karel Stan. Sokol, 1912
Series: Levná osvětová knihovna
Physical Description: 288 s. ; 8°
Book
Saved in:
LEADER 01169nam a2200289 a 4500
001 000576315
003 CZ BrMZK
005 20200622081813.0
007 ta
008 011029s1912 xr f |||| 0 cze d
015 |a cnb000592793 
035 |a (OCoLC)85477210 
040 |a ABA001  |b cze  |c KLG001  |d ABA001  |d BOA001 
041 1 |a cze  |h ger 
100 1 |a Gumplowicz, Ludwig,  |d 1838-1909  |7 jn20031015010  |4 aut 
245 1 0 |a Dějiny novějších theorií o státu /  |c Ludwig Gumplowicz ; z němčiny přeložil Adolf Gottwald 
260 |a V Praze :  |b Karel Stan. Sokol,  |c 1912 
300 |a 288 s. ;  |c 8° 
490 1 |a Levná osvětová knihovna  |v sv. 45 
700 1 |a Gottwald, Adolf,  |d 1878-1920  |7 jk01032562  |4 trl 
830 0 |a Levná osvětová knihovna  |0 s 
910 |a BOA001  |b PK-I-0011.513  |b 1-0054.059,45  |b OB1-0113.501,45 
990 |a BK 
993 |a Y 
996 6 |b 2618981134  |c OB1-0113.501,45  |l MZK  |r Sklad / do 24 hodin  |n 0  |w 000576315  |u 000030  |a 1  |e BOA001  |j MZK50  |s P 
996 6 |b 2619808510  |c 1-0054.059,45  |l MZK  |r Sklad / do 1 hodiny  |n 4  |w 000576315  |u 000020  |a 1  |e BOA001  |j MZK50  |s P 
996 6 |b 3119639136  |c PK-I-0011.513  |l MZK  |r Sklad / do 1 hodiny  |n 2  |w 000576315  |u 000010  |a 1  |e BOA001  |j MZK50  |s P